Formulas for structural dynamics : (Record no. 546492)

000 -LEADER
fixed length control field 00823cam a22002174a 4500
020 ## - INTERNATIONAL STANDARD BOOK NUMBER
International Standard Book Number 0071367128
082 00 - DEWEY DECIMAL CLASSIFICATION NUMBER
Classification number 624.17
Author Mark KAR
-- N-01, P-89
100 1# - MAIN ENTRY--PERSONAL NAME
Personal name Karnovskiĭ, I. A.
9 (RLIN) 42639
245 10 - TITLE STATEMENT
Title Formulas for structural dynamics :
Remainder of title tables, graphs, and solutions /
Statement of responsibility, etc. Igor A. Karnovsky, Olga I. Lebed.
260 ## - PUBLICATION, DISTRIBUTION, ETC.
Place of publication, distribution, etc. New York :
Name of publisher, distributor, etc. McGraw-Hill,
Date of publication, distribution, etc. 2001.
300 ## - PHYSICAL DESCRIPTION
Extent xxiii, 535 p. :
Other physical details ill.
Dimensions 24 cm.
526 ## - STUDY PROGRAM INFORMATION NOTE
Program name 0
Interest level 0
Reading level 0
Title point value 624_170000000000000_KAR
650 #0 - SUBJECT ADDED ENTRY--TOPICAL TERM
Topical term or geographic name entry element NUST
9 (RLIN) 6342
650 #0 - SUBJECT ADDED ENTRY--TOPICAL TERM
Topical term or geographic name entry element Structural analysis (Engineering)
9 (RLIN) 654
650 #0 - SUBJECT ADDED ENTRY--TOPICAL TERM
Topical term or geographic name entry element Structural dynamics.
9 (RLIN) 10008
700 1# - ADDED ENTRY--PERSONAL NAME
Personal name Lebed, Olga I.
9 (RLIN) 42640
856 41 - ELECTRONIC LOCATION AND ACCESS
Uniform Resource Identifier <a href="http://www.loc.gov/catdir/toc/mh021/00062451.html">http://www.loc.gov/catdir/toc/mh021/00062451.html</a>
856 42 - ELECTRONIC LOCATION AND ACCESS
Uniform Resource Identifier <a href="http://www.loc.gov/catdir/bios/mh041/00062451.html">http://www.loc.gov/catdir/bios/mh041/00062451.html</a>
856 42 - ELECTRONIC LOCATION AND ACCESS
Uniform Resource Identifier <a href="http://www.loc.gov/catdir/description/mh021/00062451.html">http://www.loc.gov/catdir/description/mh021/00062451.html</a>
942 ## - ADDED ENTRY ELEMENTS (KOHA)
Source of classification or shelving scheme
Koha item type Book
Holdings
Withdrawn status Lost status Source of classification or shelving scheme Damaged status Not for loan Permanent Location Current Location Date acquired Total Checkouts Full call number Barcode Date last seen Price effective from Koha item type
          Military College of Engineering (MCE) Military College of Engineering (MCE) 06/12/2014   624.17 KAR MCE-36474 06/12/2014 06/12/2014 Book
© 2023 Central Library, National University of Sciences and Technology. All Rights Reserved.